Statistics for Famous Wisconsinites

Click here to take the quiz!

General Stats

  • This quiz has been taken 189 times
  • The average score is 11 of 28

Answer Stats

HintAnswer% Correct
Actor who portrayed Willy Wonka in "Willy Wonka & the Chocolate Factory"Gene Wilder
79%
Author of the Little House on the Praire booksLaura Ingalls Wilder
79%
Popular American architect know for designing the Guggenheim MuseumFrank Lloyd Wright
70%
Artist; Known for her paintings of flowersGeorgia O'Keefe
67%
Hungarian stunt performer, grew up in WI; "The Handcuff King"Harry Houdini
63%
Godaddy.com girl and Indycar/NASCAR racerDanica Patrick
62%
"The Milwaukee Cannibal"Jeffrey Dahmer
62%
Current Dallas Cowboys QuarterbackTony Romo
60%
Legendary football coach/player; Green Bay Packers play in a stadium in his nameCurly Lambeau
58%
Flamboyant pianist and vocalistLiberace
58%
Saturday Night Live cast member and actor; aka Matt Foley, inspirational speakerChris Farley
53%
Inventor of the solid-body electric guitarLes Paul
51%
Famous for his "The War of the Worlds" broadcastOrson Welles
45%
Founder of a popular meat packing company with a catchy jingleOscar Mayer
39%
Moved to WI at age 6; Considered the most influential woman in the worldOprah Winfrey
38%
Actress known for her roles in "Drugstore Cowboy" and "Boogie Nights"Heather Graham
31%
"Tail-Gunner Joe"Joseph McCarthy
31%
Academy Award nominee for role in "Platoon"Willem Dafoe
30%
Former Governor and Senator; known for The Wisconsin IdeaRobert La Follette Sr.
19%
US Supreme Court Justice/Chief Justice from 1986-2005William Rehnquist
19%
2010 Academy Award nominated actor for "The Kids Are All Right"Mark Ruffalo
16%
Actor known for his lead role on "Monk"Tony Shalhoub
16%
Actress known for her role on "Malcolm in the Middle"Jane Kaczmarek
12%
Singer-Songwriter of Bon IverJustin Vernon
8%
Actress who portrays Vanessa Abrams on "Gossip Girl"Jessica Szohr
5%
Director; movies include "Chicago" and "Memoirs of a Geisha"Rob Marshall
4%
One of six men to raise the US flag at Iwo JimaJohn Bradley
3%
Miss America 2012Laura Kaeppeler
1%

Score Distribution

Percentile by Number Answered

Percent of People with Each Score

Your Score History

You have not taken this quiz